|
|
|
|
| LEADER |
00000naa a2200000uu 4500 |
| 001 |
vtls010918602 |
| 003 |
SK-MaSNL |
| 005 |
20260302145647.0 |
| 008 |
220808|1987 xo |||||||||||||||||slo| |
| 015 |
|
|
|a SNBRA
|
| 035 |
|
|
|a (urnnbn)urn:nbn:sk:snk:ar-a0cy0n
|
| 035 |
|
|
|a (uuid)0f97f342-2d64-476c-b302-ffa4f8dda552
|
| 035 |
|
|
|a urn:nbn:sk:snk-aatmq6
|
| 040 |
|
|
|a SNKBUCL
|b slo
|c SNKBUCL
|e AACR2
|
| 041 |
0 |
|
|a slo
|
| 044 |
|
|
|a xo
|c SK
|
| 245 |
0 |
0 |
|a HÝROŠ, Peter
|b hudobný pedagóg, zbormajster (10. 3. 1906 Podbrezová-Lopej, okr. Banská Bystrica - 19. 12. 1968 Bratislava)
|
| 650 |
0 |
7 |
|a zbormajstri
|2 SNKPH
|9 3057
|
| 650 |
0 |
7 |
|a hudobní pedagógovia
|2 SNKPH
|9 42187
|
| 655 |
|
7 |
|a biografické heslá
|2 SNKPH
|9 368942
|
| 773 |
0 |
|
|t Slovenský biografický slovník : (od roku 833 do roku 1990). II. zväzok, E-J
|d Martin : Matica slovenská, 1987
|g S. 454
|
| 954 |
|
|
|a odborná, vedecká literatúra pôvodná (slovenská)
|2 lita
|
| 958 |
|
|
|a BX
|
| 958 |
|
|
|a OND
|
| 958 |
|
|
|a chapter
|
| 958 |
|
|
|a article25
|
| 999 |
|
|
|c 1355113
|d 1357043
|